The Office: Boom! Roasted! Quiz Stats

 Plays Quiz Updated Jul 7, 2017

Support Sporcle.
Go Orange.
Score 0/10 Timer 01:00
16 Plays Today
Roast Character % Correct
You failed art schoolPam
96.9%
I can't decide between a fat joke and a dumb jokeKevin
89.6%
You're 6'11', and you weigh 90 pounds, Gumby has a better body than youJim
87%
You're a kiss assDwight
86.5%
You slept with so many guys you're starting to look like oneMeredith
83.5%
There you are, I didn't see you behind that grain of riceAngela
78.5%
You crush your wife during sex and your heart sucksStanley
77%
You're gayOscar
76.4%
Cornell called, they think you suck! And you're gayer than (above employee)Andy
72.5%
Your teeth called, your breath stinksCreed
67.1%

You're not logged in!

Compare scores with friends on all Sporcle quizzes.
OR
Log In
Forgot?

From the Vault

Alphabetical Threesomes

by BillyJoelRulez

As easy as M, N, & O...or something.
Remove Ads.
Support Sporcle.
Get the best of Sporcle when you Go Orange. This ad-free experience offers more features, more stats, and more fun while also helping to support Sporcle. Thank you for becoming a member.

Show Comments

Extras

Top Quizzes Today


Score Distribution

Your Account Isn't Verified!

In order to create a playlist on Sporcle, you need to verify the email address you used during registration. Go to your Sporcle Settings to finish the process.

Report this User

Report this user for behavior that violates our Community Guidelines.

Details: